Труды СибАДИ. Вып.57 (Запись № 4402107)

Подробности
000 -МАРКЕР
контрольное поле 01682nam2a22002651 4500
001 - ИДЕНТИФИКАТОР ЗАПИСИ
контрольное поле RU\NLR\IC100\5000003084
005 - ИДЕНТИФИКАТОР ВЕРСИИ
контрольное поле 20250617143147.0
035 ## - ДРУГИЕ СИСТЕМНЫЕ НОМЕРА
Идентификатор записи (NLR Aleph) 002710448
100 ## - ДАННЫЕ ОБЩЕЙ ОБРАБОТКИ
Данные общей обработки 20040212d1976 |||y0rusy50 ca
101 0# - ЯЗЫК РЕСУРСА
Язык текста, звукозаписи и т.д. русский
102 ## - СТРАНА ПУБЛИКАЦИИ ИЛИ ПРОИЗВОДСТВА
Страна публикации Российская Федерация
105 ## - ПОЛЕ КОДИРОВАННЫХ ДАННЫХ: ТЕКСТОВЫЕ МАТЕРИАЛЫ, МОНОГРАФИЧЕСКИЕ
Кодированные данные о монографическом текстовом документе y |||||||||
200 0# - ЗАГЛАВИЕ И СВЕДЕНИЯ ОБ ОТВЕТСТВЕННОСТИ
Основное заглавие Вып.57
210 ## - ПУБЛИКАЦИЯ, РАСПРОСТРАНЕНИЕ И ДР.
Дата издания, распространения и т.д. 1976
Место издания, распространения и т.д. Б. м.
225 1# - СЕРИЯ
Основное заглавие серии ...
Обозначение тома Вып.57
Наименование части ...
Обозначение тома Сб.3
461 #0 - УРОВЕНЬ НАБОРА
Встроенное поле 001RU\NLR\INFOCOMM55\5000113994
-- 2001#$aТруды СибАДИ$fСиб. гос. автомоб. дор. акад. (СибАДИ)$vВып.57
Системный номер (АБИС) связанной записи 4508310
Автор Сибирская автомобильно-дорожная академия (Омск)
Место публикации Омск
Дата публикации 1935-
Первые сведения об ответственности Сиб. гос. автомоб. дор. акад. (СибАДИ)
Имя издателя, распространителя и т.д. Изд-во СибАДИ
Заглавие Труды СибАДИ
Номер тома Вып.57
462 #0 - УРОВЕНЬ ПОДНАБОРА
Встроенное поле 001RU\NLR\IC100\5000003082
-- 2001#$aГидропривод и системы управления землеройно-транспортных машин$eСборник науч. работ$fМ-во высш. и сред. спец. образ. РСФСР. Сиб. автомоб.-дор. ин-т им. В.В.Куйбышева$vСб.3
Системный номер (АБИС) связанной записи 4402088
Место публикации Омск
Дата публикации 1973-
Первые сведения об ответственности М-во высш. и сред. спец. образ. РСФСР. Сиб. автомоб.-дор. ин-т им. В.В.Куйбышева
Сведения, относящиеся к заглавию Сборник науч. работ
Заглавие Труды СибАДИ. - Гидропривод и системы управления землеройно-транспортных машин
Номер тома Сб.3
801 #1 - ИСТОЧНИК ЗАПИСИ
Страна Российская Федерация
Организация InfoComm
Дата составления 20040212
801 #0 - ИСТОЧНИК ЗАПИСИ
Страна Российская Федерация
Организация NLR
Правила каталогизации PSBO
852 ## - МЕСТОНАХОЖДЕНИЕ И ШИФР ХРАНЕНИЯ
Идентификатор организации NLR
Шифр хранения (Call Number) П10/1970
942 ## - ДОПОЛНИТЕЛЬНЫЕ ЭЛЕМЕНТЫ ЗАПИСИ (АБИС)
Тип экземпляра АБИС Выпуск
980 ## - КОЛЛЕКЦИЯ
Название коллекции Национальная библиография
980 ## - КОЛЛЕКЦИЯ
Название коллекции Русская периодика

Нет доступных экземпляров.